| 000 | 00838nac a22002411u 4500 | ||
|---|---|---|---|
| 010 | _a 85173207 | ||
| 020 | _a0875240011 (pbk.) | ||
| 082 | 0 | 0 | _a006.6765 |
| 090 |
_c3391 _d3391 |
||
| 100 | _a20080729 | ||
| 245 | 0 | 0 |
_aTurbo graphix toolbox : _bversion 1.0 : owner's handbook. |
| 250 | _a1st ed. | ||
| 260 |
_aScotts Valley, CA : _bBorland International, _c1985. |
||
| 300 |
_avii, 254 p. : _bill. ; _c22 cm. |
||
| 500 | _aIncludes index. | ||
| 500 | _aDonations. | ||
| 500 | _aDonations - Bibliotheca Alexandrina. | ||
| 650 | 0 | _aPascal (Computer program language) | |
| 650 | 0 | _aComputer graphics. | |
| 710 | 2 | _aBorland International. | |
| 942 |
_cBB _k006.6765 |
||
| 999 |
_c3391 _d3391 |
||